[Event "SLO-chT 28th"]
[Site "Slovenia"]
[Date "2018.11.09"]
[Round "4.3"]
[White "Vombek, Danijel"]
[Black "Kos, Toni"]
[Result "1/2-1/2"]
[WhiteElo "2257"]
[BlackElo "2304"]
[PlyCount "60"]
[EventDate "2018.11.02"]
[EventType "team-tourn"]
[EventRounds "9"]
[EventCountry "SLO"]
[SourceTitle "CBM 187 Extra"]
[Source "ChessBase"]
[SourceDate "2018.11.04"]
[SourceVersion "1"]
[SourceVersionDate "2018.11.04"]
[SourceQuality "1"]
[WhiteTeam "Maribor Branik"]
[BlackTeam "Krsko Triglav"]
[WhiteTeamCountry "SLO"]
[BlackTeamCountry "SLO"]

1. e4 e5 2. Nf3 Nf6 3. Nxe5 d6 4. Nf3 Nxe4 5. Qe2 Qe7 6. d3 Nf6 7. Qxe7+ Bxe7 8. Be2 0-0 9. 0-0 Nc6 10. Bd2 Bd7 11. Nc3 a6 12. Rfe1 Rfe8 13. a3 h6 14. h3 Bf8 15. Bf1 Rxe1 16. Rxe1 Re8 17. Rxe8 Bxe8 18. g3 g6 19. Bg2 Bg7 20. Be3 Nd8 21. Nd2 Bc6 22. Bxc6 Nxc6 23. Nf3 Kf8 24. Kf1 Ke7 25. Ke2 Ne5 26. Nxe5 dxe5 27. Ne4 Nxe4 28. dxe4 h5 29. Kd3 Ke6 30. c4 Bf8 1/2-1/2

[Event "SLO-chT 24th"]
[Site "Slovenia"]
[Date "2014.12.12"]
[Round "7.2"]
[White "Kos, Toni"]
[Black "Mohr, Georg"]
[Result "1/2-1/2"]
[WhiteElo "2328"]
[BlackElo "2463"]
[PlyCount "60"]
[EventDate "2014.11.14"]
[EventType "team-tourn"]
[EventRounds "9"]
[EventCountry "SLO"]
[SourceTitle "EXT 2016"]
[Source "ChessBase"]
[SourceDate "2015.10.08"]
[SourceVersion "1"]
[SourceVersionDate "2015.10.08"]
[SourceQuality "1"]
[WhiteTeam "Krsko Triglav"]
[BlackTeam "Maribor"]
[WhiteTeamCountry "SLO"]
[BlackTeamCountry "SLO"]

1. e4 d6 2. d4 Nf6 3. Nc3 e5 4. dxe5 dxe5 5. Qxd8+ Kxd8 6. Bc4 Be6 7. Bxe6 fxe6 8. Bg5 Nbd7 9. 0-0-0 a6 10. Nge2 Bd6 11. f3 Ke7 12. Rd2 Rhd8 13. Rhd1 Bc5 14. a3 b5 15. Rd3 h6 16. Bxf6+ Nxf6 17. Rxd8 Rxd8 18. Rxd8 Kxd8 19. Kd2 Ke7 20. Nd1 Kd6 21. Ne3 Nd7 22. Nc1 Nb6 23. Nd3 Bxe3+ 24. Kxe3 c5 25. b3 c4 26. Nf2 cxb3 27. cxb3 a5 28. Kd3 Nd7 29. Kc3 Nb6 30. Kd3 Nd7 1/2-1/2

[Event "SLO-chT 24th"]
[Site "Slovenia"]
[Date "2014.11.30"]
[Round "6.4"]
[White "Zupe, Miran"]
[Black "Kos, Toni"]
[Result "1/2-1/2"]
[WhiteElo "2277"]
[BlackElo "2328"]
[PlyCount "45"]
[EventDate "2014.11.14"]
[EventType "team-tourn"]
[EventRounds "9"]
[EventCountry "SLO"]
[SourceTitle "EXT 2016"]
[Source "ChessBase"]
[SourceDate "2015.10.08"]
[SourceVersion "1"]
[SourceVersionDate "2015.10.08"]
[SourceQuality "1"]
[WhiteTeam "Branik"]
[BlackTeam "Krsko Triglav"]
[WhiteTeamCountry "SLO"]
[BlackTeamCountry "SLO"]

1. d4 d5 2. Nf3 Nf6 3. Bf4 e6 4. e3 c5 5. c3 Nc6 6. Nbd2 Be7 7. h3 0-0 8. Bd3 Qb6 9. Rb1 h6 10. 0-0 Qd8 11. Qe2 b6 12. a3 Bb7 13. b4 c4 14. Bc2 b5 15. a4 a6 16. e4 dxe4 17. Nxe4 Nd5 18. Bd2 Re8 19. Rfe1 Ra7 20. Ng3 Nf6 21. Ne4 Nd5 22. Ng3 Nf6 23. Ne4 1/2-1/2

[Event "SLO-chT 24th"]
[Site "Slovenia"]
[Date "2014.11.28"]
[Round "4.3"]
[White "Zirkelbach, Maj"]
[Black "Kos, Toni"]
[Result "1-0"]
[WhiteElo "1920"]
[BlackElo "2328"]
[PlyCount "57"]
[EventDate "2014.11.14"]
[EventType "team-tourn"]
[EventRounds "9"]
[EventCountry "SLO"]
[SourceTitle "EXT 2016"]
[Source "ChessBase"]
[SourceDate "2015.10.08"]
[SourceVersion "1"]
[SourceVersionDate "2015.10.08"]
[SourceQuality "1"]
[WhiteTeam "Novo Mesto Krka"]
[BlackTeam "Krsko Triglav"]
[WhiteTeamCountry "SLO"]
[BlackTeamCountry "SLO"]

1. e4 e5 2. Nf3 Nf6 3. Nc3 Bb4 4. Bc4 Nc6 5. 0-0 0-0 6. d3 Bxc3 7. bxc3 d5 8. exd5 Nxd5 9. Ng5 h6 10. Qf3 Nf6 11. Ne4 Nxe4 12. Qxe4 Qd6 13. a4 Re8 14. f4 Be6 15. Bxe6 fxe6 16. Ba3 Qd5 17. Qe2 exf4 18. Rxf4 e5 19. Re4 Nd8 20. Rf1 Nf7 21. Qh5 Ng5 22. c4 Qd7 23. Rg4 e4 24. h4 e3 25. hxg5 e2 26. Re1 Qf5 27. Qh4 hxg5 28. Qxg5 Qf7 29. Bb2 1-0

[Event "SLO-chT 24th"]
[Site "Slovenia"]
[Date "2014.11.14"]
[Round "1.5"]
[White "Kos, Toni"]
[Black "Gruskovnjak, Tomislav"]
[Result "1/2-1/2"]
[WhiteElo "2328"]
[BlackElo "2357"]
[PlyCount "100"]
[EventDate "2014.11.14"]
[EventType "team-tourn"]
[EventRounds "9"]
[EventCountry "SLO"]
[SourceTitle "EXT 2016"]
[Source "ChessBase"]
[SourceDate "2015.10.08"]
[SourceVersion "1"]
[SourceVersionDate "2015.10.08"]
[SourceQuality "1"]
[WhiteTeam "Krsko Triglav"]
[BlackTeam "Pomgrad Radenska"]
[WhiteTeamCountry "SLO"]
[BlackTeamCountry "SLO"]

1. e4 c5 2. c3 Nf6 3. e5 Nd5 4. d4 cxd4 5. Nf3 e6 6. cxd4 d6 7. Nc3 Nxc3 8. bxc3 dxe5 9. Nxe5 Nd7 10. Bb5 Bd6 11. Bf4 Qc7 12. 0-0 0-0 13. Re1 Rd8 14. Bd3 Nxe5 15. dxe5 Bf8 16. Re3 g6 17. h4 b6 18. h5 Ba6 19. c4 Bc5 20. Rg3 Bxc4 21. hxg6 fxg6 22. Rc1 Bxd3 23. Rxd3 Rxd3 24. Qxd3 Rd8 25. Qh3 Qf7 26. g3 Rd5 27. Rc3 Rxe5 28. Rd3 Rd5 29. Rxd5 exd5 30. Qc8+ Bf8 31. Bh6 Qe7 32. Kf1 d4 33. a4 d3 34. Bxf8 Qxf8 35. Qc4+ Qf7 36. Qxd3 h5 37. Kg1 Kh7 38. Qa6 Qd7 39. Kh2 Kh6 40. Kg2 Kg5 41. Qc4 Kh6 42. Kh2 Qb7 43. Qg8 Qe4 44. Qf8+ Kg5 45. Qd8+ Kg4 46. Qd1+ Qf3 47. Qd4+ Kf5 48. Qd7+ Ke5 49. Kg1 Kf6 50. Qxa7 Qd1+ 1/2-1/2

[Event "SLO-chT"]
[Site "Slovenia"]
[Date "2013.11.30"]
[Round "5"]
[White "Kos, Toni"]
[Black "Kastelic, Marian"]
[Result "1/2-1/2"]
[WhiteElo "2339"]
[BlackElo "2308"]
[PlyCount "64"]
[EventDate "2013.11.22"]
[EventType "team-tourn"]
[EventRounds "9"]
[EventCountry "SLO"]
[SourceTitle "EXT 2015"]
[Source "ChessBase"]
[SourceDate "2014.11.20"]
[SourceVersion "1"]
[SourceVersionDate "2014.11.20"]
[SourceQuality "1"]
[WhiteTeam "Triglav Krsko"]
[BlackTeam "Maribor Branik"]
[WhiteTeamCountry "SLO"]
[BlackTeamCountry "SLO"]

1. e4 c5 2. c3 e6 3. d4 d5 4. exd5 exd5 5. Be3 c4 6. b3 cxb3 7. axb3 Nf6 8. Bd3 Nc6 9. Nd2 Bd6 10. Ngf3 0-0 11. 0-0 Bg4 12. h3 Bh5 13. Bg5 Bg6 14. Bxg6 hxg6 15. Re1 Qc7 16. Qb1 Rfe8 17. Qd3 Bf4 18. Bxf6 gxf6 19. b4 Rxe1+ 20. Nxe1 Rc8 21. Nc2 Ne7 22. Ra3 Nf5 23. Nf1 a6 24. Nce3 Bxe3 25. Nxe3 Nxe3 26. Qxe3 Qd7 27. Qf3 Kg7 28. Ra5 Qe6 29. Rc5 Rd8 30. Ra5 Rc8 31. Rc5 Rd8 32. Ra5 Rc8 1/2-1/2

[Event "SLO-chT 22th"]
[Site "Ljubljana"]
[Date "2012.12.09"]
[Round "9"]
[White "Kos, Toni"]
[Black "Navinsek, Thomaz"]
[Result "1/2-1/2"]
[WhiteElo "2328"]
[BlackElo "2278"]
[PlyCount "62"]
[EventDate "2012.11.23"]
[EventType "team-tourn"]
[EventRounds "9"]
[EventCountry "SLO"]
[SourceTitle "CBM 151 Extra"]
[Source "ChessBase"]
[SourceDate "2012.12.18"]
[SourceVersion "1"]
[SourceVersionDate "2012.12.18"]
[SourceQuality "1"]
[WhiteTeam "Krsko Triglav"]
[BlackTeam "Maribor Branik"]
[WhiteTeamCountry "SLO"]
[BlackTeamCountry "SLO"]

1. d4 d5 2. c4 e6 3. Nc3 Nf6 4. Bg5 Be7 5. Nf3 Nbd7 6. e3 c6 7. Qc2 0-0 8. Bd3 dxc4 9. Bxc4 Nd5 10. Bxe7 Qxe7 11. a3 Nxc3 12. Qxc3 b6 13. 0-0 Bb7 14. Be2 c5 15. Rfd1 Rfd8 16. Rac1 Rac8 17. Qd2 cxd4 18. Rxc8 Rxc8 19. Nxd4 Nf6 20. Bf3 Bxf3 21. Nxf3 Kf8 22. h3 Rc7 23. Ne5 Ne4 24. Qd4 Nc5 25. Qd8+ Qxd8 26. Rxd8+ Ke7 27. Rd1 f6 28. Nf3 Rd7 29. Rxd7+ Nxd7 30. Kf1 e5 31. Ke2 Ke6 1/2-1/2

[Event "SLO-CupT"]
[Site "Slovenia"]
[Date "2011.08.27"]
[Round "4"]
[White "Kralj, Samo"]
[Black "Kos, Toni"]
[Result "0-1"]
[WhiteElo "1897"]
[BlackElo "2314"]
[PlyCount "74"]
[EventDate "2011.03.06"]
[EventType "team-swiss"]
[EventRounds "5"]
[EventCountry "SLO"]
[SourceTitle "EXT 2019"]
[Source "ChessBase"]
[SourceDate "2018.10.10"]
[SourceVersion "1"]
[SourceVersionDate "2018.10.10"]
[SourceQuality "1"]
[WhiteTeam "Komenda"]
[BlackTeam "Krsko Triglav"]
[WhiteTeamCountry "SLO"]
[BlackTeamCountry "SLO"]

1. e4 Nc6 2. Nf3 d6 3. Bc4 Nf6 4. Nc3 Bg4 5. d4 e5 6. dxe5 dxe5 7. Qxd8+ Rxd8 8. Ng5 Bh5 9. f3 Bc5 10. Na4 Be7 11. Be3 a6 12. Nc3 Nd4 13. 0-0-0 b5 14. Bxd4 exd4 15. Nxb5 axb5 16. Bxb5+ Kf8 17. h4 Ne8 18. e5 Bg6 19. g4 c5 20. Bc6 Nc7 21. f4 f6 22. Nf3 Nd5 23. f5 Be8 24. Bxd5 Rxd5 25. exf6 gxf6 26. c3 h5 27. g5 Rxf5 28. gxf6 Bxf6 29. Ng5 Bxg5+ 30. hxg5 dxc3 31. bxc3 Rxg5 32. Rd8 Ke7 33. Rb8 h4 34. Re1+ Kd7 35. Rd1+ Kc6 36. Rdd8 h3 37. a4 Rh7 0-1

[Event "SLO-chT"]
[Site "Slovenia"]
[Date "2011.06.05"]
[Round "6"]
[White "Kos, Toni"]
[Black "Kastelic, Marian"]
[Result "1/2-1/2"]
[WhiteElo "2314"]
[BlackElo "2292"]
[PlyCount "63"]
[EventDate "2011.05.27"]
[EventType "team-tourn"]
[EventRounds "9"]
[EventCountry "SLO"]
[SourceTitle "CBM 142 Extra"]
[Source "ChessBase"]
[SourceDate "2011.06.27"]
[SourceVersion "1"]
[SourceVersionDate "2011.06.27"]
[SourceQuality "1"]
[WhiteTeam "Krsko Triglav"]
[BlackTeam "Maribor Branik"]
[WhiteTeamCountry "SLO"]
[BlackTeamCountry "SLO"]

1. Nc3 d5 2. d3 Nf6 3. Nf3 e6 4. Bg5 Be7 5. e4 0-0 6. Be2 a6 7. 0-0 c5 8. Re1 Nc6 9. Bf1 d4 10. Nb1 e5 11. Nbd2 h6 12. Bh4 Be6 13. Bg3 Nd7 14. h3 b5 15. c3 Qb6 16. Nh2 Rfd8 17. Be2 dxc3 18. bxc3 Nf8 19. Nhf3 Ng6 20. Qc2 Ra7 21. Reb1 Rad7 22. Nf1 Nf4 23. Bxf4 exf4 24. Rd1 Bf6 25. N1d2 g5 26. Rab1 Kg7 27. Nb3 Kg8 28. Rd2 Kg7 29. Rbd1 Kg8 30. Rb1 Kg7 31. Rbd1 Kg8 32. Rb1 1/2-1/2

[Event "SLO-chT"]
[Site "Slovenia"]
[Date "2011.05.28"]
[Round "2"]
[White "Podkriznik, Gregor"]
[Black "Kos, Toni"]
[Result "0-1"]
[WhiteElo "2354"]
[BlackElo "2314"]
[PlyCount "104"]
[EventDate "2011.05.27"]
[EventType "team-tourn"]
[EventRounds "9"]
[EventCountry "SLO"]
[SourceTitle "CBM 142 Extra"]
[Source "ChessBase"]
[SourceDate "2011.06.27"]
[SourceVersion "1"]
[SourceVersionDate "2011.06.27"]
[SourceQuality "1"]
[WhiteTeam "Ptuj"]
[BlackTeam "Krsko Triglav"]
[WhiteTeamCountry "SLO"]
[BlackTeamCountry "SLO"]

1. Nf3 Nc6 2. d4 d6 3. g3 Bg4 4. Bg2 Qc8 5. h3 Bd7 6. c4 Nf6 7. Nc3 g6 8. e4 e5 9. d5 Ne7 10. Be3 b6 11. Nd2 a5 12. f4 exf4 13. gxf4 Bh6 14. Qf3 0-0 15. 0-0 Nh5 16. Rae1 Rb8 17. Nb5 Bg7 18. b3 f5 19. e5 dxe5 20. fxe5 Bxb5 21. cxb5 Qd7 22. Bg5 h6 23. Bh4 f4 24. Bxe7 Qxe7 25. d6 cxd6 26. Qd5+ Kh7 27. exd6 Qh4 28. Re7 f3 29. Nxf3 Qg3 30. Qe6 Rf6 31. Qg4 Qxd6 32. Rfe1 Rbf8 33. R7e3 Nf4 34. Kh1 Nxg2 35. Kxg2 Qd5 36. a4 Rf5 37. h4 Rf4 38. Qh3 Qh5 39. Rf1 Rg4+ 40. Kh2 Bf6 41. Rd3 Kh8 42. Rg1 Rxg1 43. Kxg1 Qc5+ 44. Kh1 Qc1+ 45. Ng1 Qf4 46. h5 g5 47. Rf3 Qe4 48. Qf5 Qb7 49. Kh2 Bg7 50. Qg4 Be5+ 51. Kh3 Rf4 52. Kh2 Rf8+ 0-1

[Event "SLO-chT 20th"]
[Site "Gostovanja"]
[Date "2010.11.06"]
[Round "8"]
[White "Kos, Toni"]
[Black "Drnovsek, Gal"]
[Result "1/2-1/2"]
[WhiteElo "2335"]
[BlackElo "1795"]
[PlyCount "61"]
[EventDate "2010.05.15"]
[EventType "team-tourn"]
[EventRounds "9"]
[EventCountry "SLO"]
[SourceTitle "EXT 2020"]
[Source "ChessBase"]
[SourceDate "2019.10.17"]
[SourceVersion "1"]
[SourceVersionDate "2019.10.17"]
[SourceQuality "1"]
[WhiteTeam "Krsko Triglav"]
[BlackTeam "Kranj Tomo Zupan"]
[WhiteTeamCountry "SVK"]
[BlackTeamCountry "SLO"]

1. e4 c5 2. c3 d5 3. exd5 Qxd5 4. d4 Nf6 5. Nf3 Bg4 6. Be2 e6 7. 0-0 Be7 8. h3 Bh5 9. Be3 cxd4 10. cxd4 Nc6 11. Nc3 Qd8 12. Rc1 0-0 13. g4 Bg6 14. Ne5 Nd5 15. Nxd5 Qxd5 16. Nxg6 hxg6 17. a3 Rfd8 18. Bf3 Qb5 19. Bxc6 bxc6 20. Qc2 Rab8 21. Rb1 a5 22. Rfc1 a4 23. Qxc6 Qxc6 24. Rxc6 Bxa3 25. Rc4 Rxb2 26. Rxb2 Bxb2 27. Rxa4 e5 28. dxe5 Bxe5 29. Kg2 Bc3 30. Rc4 Bd2 31. Bxd2 1/2-1/2

[Event "SLO-chT 20th"]
[Site "Gostovanja"]
[Date "2010.11.05"]
[Round "7"]
[White "Kos, Toni"]
[Black "Srebrnic, Vojko"]
[Result "0-1"]
[WhiteElo "2335"]
[BlackElo "2211"]
[PlyCount "114"]
[EventDate "2010.05.15"]
[EventType "team-tourn"]
[EventRounds "9"]
[EventCountry "SLO"]
[SourceTitle "EXT 2020"]
[Source "ChessBase"]
[SourceDate "2019.10.17"]
[SourceVersion "1"]
[SourceVersionDate "2019.10.17"]
[SourceQuality "1"]
[WhiteTeam "Krsko Triglav"]
[BlackTeam "Nova Gorica"]
[WhiteTeamCountry "SVK"]
[BlackTeamCountry "SLO"]

1. e4 c5 2. c3 g6 3. d4 cxd4 4. cxd4 d5 5. exd5 Nf6 6. d6 Qxd6 7. Nc3 Bg7 8. Nb5 Qb6 9. Bf4 Na6 10. Nf3 Nd5 11. Be5 Qa5+ 12. Nd2 0-0 13. Bxg7 Kxg7 14. Qb3 Be6 15. Bc4 Nac7 16. Nc3 Nb6 17. Bxe6 Nxe6 18. Nf3 Rfd8 19. Rd1 Qa6 20. Ne5 Nd7 21. Nc4 Rac8 22. Nb5 Nc7 23. Nc3 Qe6+ 24. Ne3 Qxb3 25. axb3 Nf6 26. Ke2 Ncd5 27. Ncxd5 Nxd5 28. g3 Rc6 29. Rd3 Nb4 30. Rd2 Rcd6 31. Rhd1 b5 32. f4 Nd5 33. Nxd5 Rxd5 34. Ke3 Rc8 35. Ra1 Rd7 36. Ra5 Rb7 37. Kd3 Kf6 38. Re2 Rc6 39. Re5 a6 40. Rc5 Rd6 41. Kc3 e6 42. Ra1 Rbd7 43. Rd1 h5 44. Rd2 Rd5 45. Rc6 a5 46. Ra6 b4+ 47. Kc4 Rc7+ 48. Kd3 Kf5 49. Re2 Kg4 50. Ke3 Rcd7 51. Kf2 Kh3 52. Ra8 Rxd4 53. Rxa5 Rd2 54. Rae5 R7d3 55. Kg1 Rd1+ 56. Re1 Rxe1+ 57. Rxe1 Rxb3 0-1

[Event "SLO Cup"]
[Site "Otocec"]
[Date "2009.05.24"]
[Round "4"]
[White "Kavcic, Zan"]
[Black "Kos, Toni"]
[Result "1/2-1/2"]
[WhiteElo "2335"]
[BlackElo "2329"]
[PlyCount "29"]
[EventDate "2009.05.22"]
[EventType "team-tourn"]
[EventRounds "5"]
[EventCountry "SLO"]
[SourceTitle "CBM 130 Extra"]
[Source "ChessBase"]
[SourceDate "2009.07.02"]
[SourceVersion "2"]
[SourceVersionDate "2009.07.15"]
[SourceQuality "1"]

1. e4 Nc6 2. d4 d6 3. Nc3 Nf6 4. Nf3 Bg4 5. Be3 e5 6. d5 Nb8 7. h3 Bh5 8. Be2 c6 9. Qd3 Nbd7 10. 0-0 Be7 11. dxc6 bxc6 12. Rad1 0-0 13. Qc4 Qc7 14. Nh4 Bxe2 15. Qxe2 1/2-1/2

[Event "SLO Cup"]
[Site "Otocec"]
[Date "2009.05.24"]
[Round "5"]
[White "Zupe, Miran"]
[Black "Kos, Toni"]
[Result "1-0"]
[WhiteElo "2351"]
[BlackElo "2329"]
[PlyCount "57"]
[EventDate "2009.05.22"]
[EventType "team-tourn"]
[EventRounds "5"]
[EventCountry "SLO"]
[SourceTitle "CBM 130 Extra"]
[Source "ChessBase"]
[SourceDate "2009.07.02"]
[SourceVersion "2"]
[SourceVersionDate "2009.07.15"]
[SourceQuality "1"]

1. e4 Nc6 2. Nf3 d6 3. h3 Nf6 4. Nc3 g6 5. d4 Bg7 6. g3 Bd7 7. Bg2 Qc8 8. e5 Ng8 9. Qe2 Nh6 10. Bf4 Nf5 11. 0-0-0 0-0 12. g4 Bh6 13. Qd2 Bxf4 14. Qxf4 Ng7 15. Qh6 f6 16. Ne4 Rf7 17. exf6 exf6 18. Nxf6+ Rxf6 19. Ng5 Ne6 20. Qxh7+ Kf8 21. Qh6+ Kg8 22. Qh7+ Kf8 23. Nxe6+ Bxe6 24. d5 Ne7 25. dxe6 Qxe6 26. Rhe1 Qf7 27. Qh6+ Ke8 28. Bxb7 Qxa2 29. Bc6+ 1-0

[Event "SLO Cup"]
[Site "Otocec"]
[Date "2009.05.23"]
[Round "3"]
[White "Kos, Toni"]
[Black "Gjuran, Denis"]
[Result "1/2-1/2"]
[WhiteElo "2329"]
[BlackElo "2343"]
[PlyCount "47"]
[EventDate "2009.05.22"]
[EventType "team-tourn"]
[EventRounds "5"]
[EventCountry "SLO"]
[SourceTitle "CBM 130 Extra"]
[Source "ChessBase"]
[SourceDate "2009.07.02"]
[SourceVersion "2"]
[SourceVersionDate "2009.07.15"]
[SourceQuality "1"]

1. e4 c5 2. c3 d5 3. exd5 Qxd5 4. d4 Nc6 5. Nf3 Bg4 6. Be2 cxd4 7. cxd4 e6 8. Nc3 Qa5 9. h3 Bh5 10. 0-0 Nf6 11. Be3 Bd6 12. Qb3 Qb4 13. Rfd1 Rd8 14. Kf1 Bb8 15. g4 Bg6 16. g5 Nd5 17. Nxd5 Rxd5 18. Bc4 Rd8 19. d5 Qxb3 20. Bxb3 exd5 21. Rxd5 0-0 22. Rad1 Rxd5 23. Bxd5 Rd8 24. Bb3 1/2-1/2

[Event "SLO Cup"]
[Site "Otocec"]
[Date "2009.05.23"]
[Round "2"]
[White "Srebrnic, Vojko"]
[Black "Kos, Toni"]
[Result "0-1"]
[WhiteElo "2226"]
[BlackElo "2329"]
[PlyCount "108"]
[EventDate "2009.05.22"]
[EventType "team-tourn"]
[EventRounds "5"]
[EventCountry "SLO"]
[SourceTitle "CBM 130 Extra"]
[Source "ChessBase"]
[SourceDate "2009.07.02"]
[SourceVersion "2"]
[SourceVersionDate "2009.07.15"]
[SourceQuality "1"]

1. Nf3 Nf6 2. c4 Nc6 3. d4 d6 4. Nc3 Bg4 5. d5 Ne5 6. Nxe5 dxe5 7. f3 Bd7 8. e4 e6 9. Be3 Nh5 10. Qd2 Bb4 11. a3 Be7 12. 0-0-0 0-0 13. Kb1 Qb8 14. c5 Rd8 15. Qc2 Nf6 16. Bc4 exd5 17. Nxd5 Nxd5 18. Rxd5 c6 19. Rd3 b5 20. cxb6 axb6 21. Rhd1 Be8 22. Rxd8 Bxd8 23. Bb3 Be7 24. Bd2 Qc7 25. Bb4 c5 26. Bd5 Ra7 27. Rc1 Qb8 28. Bd2 b5 29. Be3 Rc7 30. f4 Rc8 31. g3 c4 32. b4 Bc6 33. Rd1 Qa8 34. Bc1 Rd8 35. Bxc6 Qxc6 36. Rxd8+ Bxd8 37. Bb2 exf4 38. gxf4 Bf6 39. Bxf6 Qxf6 40. Qd2 h6 41. e5 Qf5+ 42. Kb2 Qh3 43. Qc2 Qf1 44. Qd2 Qf3 45. Qc1 Qb3+ 46. Ka1 c3 47. f5 Kf8 48. h4 Ke8 49. h5 Ke7 50. Qb1 Qxa3+ 51. Qa2 Qc1+ 52. Qb1 Qa3+ 53. Qa2 Qxa2+ 54. Kxa2 g5 0-1

[Event "SLO-chT 17th"]
[Site "Murska Sobota"]
[Date "2007.12.11"]
[Round "3"]
[White "Kos, Toni"]
[Black "Guid, Matej"]
[Result "0-1"]
[WhiteElo "2340"]
[BlackElo "2310"]
[PlyCount "46"]
[EventDate "2007.12.09"]
[EventType "team-tourn"]
[EventRounds "9"]
[EventCountry "SLO"]
[SourceTitle "CBM 121 Extra"]
[Source "ChessBase"]
[SourceDate "2008.01.10"]
[SourceVersion "1"]
[SourceVersionDate "2008.01.10"]
[SourceQuality "1"]
[WhiteTeam "Krsko Triglav"]
[BlackTeam "Ljubljana Vidmar"]
[WhiteTeamCountry "SLO"]
[BlackTeamCountry "SLO"]

1. Nc3 c5 2. Nf3 g6 3. d4 cxd4 4. Qxd4 Nf6 5. Qh4 Nc6 6. e4 d5 7. exd5 Nxd5 8. Nxd5 Qxd5 9. Bc4 Qd6 10. Bf4 Qb4+ 11. Bd2 Qxb2 12. 0-0 Bg7 13. Rab1 Qxc2 14. Rfc1 Qf5 15. Ng5 Ne5 16. Bb5+ Bd7 17. f4 Bxb5 18. fxe5 Qxe5 19. Kh1 Bc6 20. Rxc6 bxc6 21. Re1 Qd4 22. Bf4 h6 23. Nxf7 Bf6 0-1

[Event "SLO-chT"]
[Site "Murska Sobota"]
[Date "2006.11.25"]
[Round "1"]
[White "Kos, Toni"]
[Black "Mikac, Matjaz"]
[Result "1/2-1/2"]
[WhiteElo "2347"]
[BlackElo "2389"]
[PlyCount "87"]
[EventDate "2006.11.25"]
[EventType "team"]
[EventRounds "9"]
[EventCountry "SLO"]
[SourceTitle "EXT 2008"]
[Source "ChessBase"]
[SourceDate "2007.11.25"]
[SourceVersion "1"]
[SourceVersionDate "2007.11.25"]
[SourceQuality "1"]

1. e4 g6 2. d4 Bg7 3. Nc3 d6 4. Be3 c6 5. Qd2 Nd7 6. h4 Ngf6 7. f3 b5 8. g4 h6 9. Nge2 Nb6 10. Ng3 Qc7 11. a3 Nc4 12. Bxc4 bxc4 13. Kf2 h5 14. gxh5 Nxh5 15. Nce2 Rb8 16. Rab1 Rb5 17. c3 Qb7 18. Bg5 e5 19. dxe5 Nxg3 20. Nxg3 Bxe5 21. f4 f6 22. fxe5 fxg5 23. hxg5 Rxh1 24. Nxh1 dxe5 25. Ng3 Be6 26. Kg1 Qd7 27. Qf2 Qe7 28. Qd2 Qc5+ 29. Kg2 Qb6 30. Ne2 Qd8 31. Qxd8+ Kxd8 32. Rd1+ Ke7 33. Rd2 Rb8 34. Ng1 Rh8 35. Nf3 Rh5 36. Kg3 Bf7 37. Rh2 Rxh2 38. Nxh2 Be6 39. Nf3 Kd6 40. Nh4 Bf7 41. Kf2 Be8 42. Ke3 Bf7 43. Nf3 Ke7 44. Nxe5 1/2-1/2